Највећи градови света - Statistics

General Stats
  • This quiz has been taken 987 times
  • The average score is 18 of 50
Answer Stats
Број становника Држава Град % Correct
40.2 мил. Јапан Токио
93%
20.4 мил. Кина Пекинг
91%
22.4 мил. Сједињене Америчке Државе Њујорк
85%
17.2 мил. Русија Москва
81%
14.7 мил. Уједињено Краљевство Лондон
80%
22.8 мил. Мексико Мексико Сити
74%
11.4 мил. Француска Париз
73%
15.8 мил. Турска Истанбул
72%
13.1 мил. Бразил Рио де Жанеиро
72%
20.5 мил. Египат Каиро
69%
35.9 мил. Кина Шангај
65%
24.7 мил. Јужна Кореја Сеул
64%
30.6 мил. Индонезија Џакарта
52%
24.7 мил. Индија Мумбај
52%
17.8 мил. Сједињене Америчке Државе Лос Анђелес
51%
25.2 мил. Филипини Манила
50%
16.3 мил. Аргентина Буенос Ајрес
50%
15.0 мил. Иран Техеран
49%
22.2 мил. Бразил Сао Пауло
48%
8.55 мил. Сједињене Америчке Државе Вашингтон
43%
18.3 мил. Тајланд Бангкок
41%
9.75 мил. Сједињене Америчке Државе Чикаго
38%
29.4 мил Индија Делхи
37%
19.5 мил. Бангладеш Дака
36%
9.90 мил. Перу Лима
36%
9.80 мил. Колумбија Богота
35%
17.7 мил. Јапан Осака
30%
13.7 мил. Јужноафричка Република Јоханезбург
29%
8.70 мил. Малезија Куала Лумпур
23%
9.10 мил. Тајван Тајпеј
22%
18.8 мил. Нигерија Лагос
21%
12.0 мил. Д.Р. Конго Киншаса
21%
17.3 мил. Пакистан Карачи
20%
8.85 мил. Кина Вухан
20%
16.6 мил. Индија Колката
17%
7.90 мил. Ангола Луанда
14%
8.60 мил. Вијетнам Хо Ши Мин
11%
45.6 мил. Кина Гуангџоу
10%
12.6 мил. Пакистан Лахор
7%
10.5 мил. Јапан Нагоја
6%
11.0 мил. Индија Ченај
5%
8.05 мил. Кина Чунгкинг
3%
13.2 мил. Кина Тјенцин
2%
11.8 мил. Индија Бангалор
2%
9.80 мил. Кина Ченгду
2%
9.85 мил. Индија Хајдерабад
1%
8.25 мил. Индија Ахмедабад
1%
9.90 мил. Кина Сјамен
0%
8.30 мил. Кина Хангџоу
0%
7.90 мил. Кина Шенјанг
0%
No matching quizzes found
Score Distribution
Percent of People with Each Score
Percentile by Number Answered
Your Score History
You have not taken this quiz